Constitutional Law of India : A Critical Commentory III (Record no. 6416)

MARC details
000 -LEADER
fixed length control field 00420nam a22001697a 4500
005 - DATE AND TIME OF LATEST TRANSACTION
control field 20200522092148.0
008 - FIXED-LENGTH DATA ELEMENTS--GENERAL INFORMATION
fixed length control field 200522b xxu||||| |||| 00| 0 eng d
041 ## - LANGUAGE CODE
Language code of text/sound track or separate title eng
082 ## - DEWEY DECIMAL CLASSIFICATION NUMBER
Classification number 340.0954
100 ## - MAIN ENTRY--AUTHOR NAME
Personal name Seervai , H.M
245 ## - TITLE STATEMENT
Title Constitutional Law of India : A Critical Commentory III
250 ## - EDITION STATEMENT
Edition statement 4'thed.
260 ## - PUBLICATION, DISTRIBUTION, ETC. (IMPRINT)
Place of publication Mumbai
Name of publisher M.J Pocha
Year of publication 2019
300 ## - PHYSICAL DESCRIPTION
Number of Pages 3251 P
650 ## - SUBJECT ADDED ENTRY--TOPICAL TERM
Topical Term LAW
942 ## - ADDED ENTRY ELEMENTS (KOHA)
Koha item type Books
Holdings
Lost status Damaged status Collection code Home library Current library Shelving location Date acquired Source of acquisition Cost, normal purchase price Full call number Accession Number Koha item type
    Reference JRU Library JRU Library SHELF-1-A 03/06/2020 PURCHASE 5500.00 340.0954 24327 Books